Hegemonía y dominación en el estado moderno (Registro nro. 5687)
[ vista simple ]
| 000 -LEADER | |
|---|---|
| fixed length control field | 00955 a2200217 4500 |
| 001 - CONTROL NUMBER | |
| control field | 54613 |
| 005 - DATE AND TIME OF LATEST TRANSACTION | |
| control field | 20260407155820.0 |
| 008 - FIXED-LENGTH DATA ELEMENTS--GENERAL INFORMATION | |
| fixed length control field | 260407a1969 arg spa d |
| 003 - CONTROL NUMBER IDENTIFIER | |
| control field | AR-UNSa-BCEJYS |
| 040 ## - CATALOGING SOURCE | |
| Original cataloging agency | AR-UNSa-BCEJYS |
| Language of cataloging | spa |
| Transcribing agency | AR-UNSa-BCEJYS |
| 080 ## - UNIVERSAL DECIMAL CLASSIFICATION NUMBER | |
| Universal Decimal Classification number | 321.01 |
| Common auxiliary subdivision | Teoría general del Estado. Teoría y filosofía del poder. Estado y territorio. Autoridad y oposición. Usurpación (Filosofía política) |
| 041 ## - LANGUAGE CODE | |
| Language code of text/sound track or separate title | spa |
| 100 1# - MAIN ENTRY--PERSONAL NAME | |
| Personal name | Poulantzas, Nicos |
| 245 10 - TITLE STATEMENT | |
| Title | Hegemonía y dominación en el estado moderno |
| 264 #1 - PRODUCTION, PUBLICATION, DISTRIBUTION, MANUFACTURE, AND COPYRIGHT NOTICE | |
| Place of production, publication, distribution, manufacture | Córdoba : |
| Name of producer, publisher, distributor, manufacturer | Ediciones Pasado y Presente |
| Date of production, publication, distribution, manufacture, or copyright notice | 1969 |
| 300 ## - PHYSICAL DESCRIPTION | |
| Extent | 161 p. |
| Dimensions | 20 cm. |
| 505 ## - FORMATTED CONTENTS NOTE | |
| Formatted contents note | I. La teoría marxista del estado y del derecho y el problema de la "alternativa" - II. Introducción al estudio de la hegemonía en el estado - III. La teoría política marxista en Gran Bretaña - IV. Marx y el derecho moderno |
| 590 ## - LOCAL NOTE (RLIN) | |
| Local note | niveau_biblio:m niveau_hierar:0 |
| 700 1# - ADDED ENTRY--PERSONAL NAME | |
| Personal name | Poyrazián, María T. |
| 942 ## - ADDED ENTRY ELEMENTS (KOHA) | |
| Koha item type | |
| Withdrawn status | Lost status | Damaged status | Not for loan | Home library | Current library | Shelving location | Date acquired | Total checkouts | Full call number | Barcode | Date last seen | Price effective from | Koha item type |
|---|---|---|---|---|---|---|---|---|---|---|---|---|---|
| Biblioteca Prof. Eusebio Cleto del Rey | Biblioteca Prof. Eusebio Cleto del Rey | 07/04/2026 | 321.01 P874 | L25148 | 07/04/2026 | 07/04/2026 | Libro |